Nations of Rome: Total War - Statistics

General Stats
  • This quiz has been taken 1,287 times
  • The average score is 14 of 20
Answer Stats
Answer % Correct
Carthage
86%
SPQR
86%
Egypt
85%
Gaul
84%
The Greek Cities
81%
Germania
77%
Macedon
75%
Britannia
73%
House of Julii
71%
House of Brutii
70%
House of Scipii
68%
Spain
68%
Parthia
67%
Dacia
59%
Pontus
57%
Scythia
56%
Numidia
54%
Armenia
52%
Seleucid Empire
52%
Thrace
52%
No matching quizzes found
Score Distribution
Percent of People with Each Score
Percentile by Number Answered
Your Score History
You have not taken this quiz